[Event "Morelia/Linares 23rd"]
[Site "Morelia/Linares"]
[Date "2006.02.19"]
[Round "2"]
[White "Leko, Peter"]
[Black "Radjabov, Teimour"]
[Result "1-0"]
[WhiteElo "2740"]
[BlackElo "2700"]
[Annotator "Rogozenco,D"]
[PlyCount "89"]
[EventDate "2006.02.18"]
[EventType "tourn"]
[EventRounds "14"]
[EventCountry "ESP"]
[EventCategory "20"]
[SourceTitle "CBM 112"]
[Source "ChessBase"]
[SourceDate "2006.06.07"]
[SourceVersion "1"]
[SourceVersionDate "2006.06.07"]
[SourceQuality "1"]

{[%mdl 1]} 1. e4 c5 2. Nf3 Nc6 3. d4 cxd4 4. Nxd4 Nf6 5. Nc3 e5 6. Ndb5 d6 7.
Bg5 a6 8. Na3 b5 9. Nd5 ({Two years ago in Linares they played another
Sveshnikov line:} 9. Bxf6 gxf6 10. Nd5 Bg7 11. Bd3 Ne7 12. Nxe7 Qxe7 13. O-O f5
14. c4 O-O 15. Qf3 d5 16. cxd5 fxe4 17. Bxe4 Rb8 18. Rad1 (18. Rfd1 {
Topalov-Radjabov, Linares 2004 (4)}) 18... Rb6 (18... Qd7 19. d6 Rb6 20. Qc3 (
20. Qd3 Rd8 21. Bxh7+ Kh8 22. Qe3 Rxd6 23. Rxd6 Qxd6 {Lutz-Radjabov, Plovdiv
Echt 2003 (1/2-1/2, 76)}) 20... Rxd6 21. Bf5 Qc6 22. Rxd6 Qxd6 23. Nxb5 axb5
24. Bxc8 {Bacrot-Yakovich, Aeroflot Open 2004 (1-0, 72)}) 19. Qd3 Qd7 20. g3 (
20. Bxh7+ Kh8 21. Qe3 Rh6) 20... f5 21. Bg2 Rh6 22. f4 exf4 23. gxf4 Bxb2 24.
Nc2 Bg7 25. Nb4 Qd6 26. Nc6 Bd7 27. Qf3 {1/2-1/2 Leko,P (2722)-Radjabov,T 
(2656)/Linares 2004}) 9... Be7 10. Bxf6 Bxf6 11. c3 O-O 12. Nc2 Bg5 13. a4 bxa4
14. Rxa4 a5 15. Bc4 Rb8 16. b3 ({Another popular direction of play is} 16. Ra2
Kh8 17. Nce3 Bxe3 (17... g6 18. h4 $1 $40) 18. Nxe3 Ne7 {and Black equalizes})
16... Kh8 17. Nce3 Be6 (17... g6 {allows again the perspective sacrifice of
the h-pawn:} 18. h4 $1 Bxh4 19. g3 Bg5 20. f4 $36) (17... Bxe3 18. Nxe3 Ne7 19.
O-O f5 (19... Bb7 20. Qc2 $14) 20. exf5 Nxf5 21. Nxf5 Bxf5 22. Qd5 $14) 18. h4
$5 {In this particular situation the advance of this pawn is very rare. Leko
will succeed soon to make it very profitable for White.} (18. O-O g6 19. Qd3 (
19. Qf3 $5 f5 20. Rd1 Qd7 21. h3 Bh4 22. Rd2 f4 23. Ng4 Qf7 24. Nh2 Bd8 25. Qd1
h5 26. Nf3 Rg8 (26... g5 27. Nxf4 $1) 27. Nxf4 $1 exf4 28. Rxd6 Bxc4 29. Rxc4
Ne7 30. Ng5 Qf8 31. Qd4+ Qg7 32. Nf7+ Kh7 33. Nxd8 $18 {1-0 Radulski,J (2521)
-Nataf,I (2564)/Vrnjacka Banja 2005 (51)}) 19... Qd7 (19... f5) 20. Bb5 Qb7 21.
Bxc6 {1/2-1/2 Nisipeanu,L (2679)-Radjabov,T (2682)/Gothenburg 2005}) 18... Bf4
$2 {A mistake, cleverly exploited by Leko.} ({A standard reaction is} 18...
Bxe3 19. Nxe3 {and now Black has a choice:} Bxc4 (19... Qb6 20. O-O Bxc4 21.
Rxc4 (21. Nxc4 Qxb3 22. Nxd6 $14) 21... Ne7 22. h5 f5 $13 {0-1 Barrientos,S 
(2432)-Fluvia Poyatos,J (2478)/Badalona 2005 (34)}) 20. Nxc4 f5 {It is obvious
that Peter Leko has analyzed very well this position and he must have come to
the conclusion that in spite of the pawn on h4 it is far from easy for Black
to get a clear equality.}) 19. Nf5 $1 {This unusual continuation is deep and
strong. With 18...Bf4 Black has tried to provoke the answer g2-g3, while in
replay White provokes the move g7-g6. With the pawn on h4 that makes perfect
sense for White.} ({The game continuation is stronger than} 19. g3 {which was
Black's idea. Then} Bxe3 20. Nxe3 Bxc4 21. Nxc4 f5 {and the pawn on g3 offers
Black some additional attacking ideas connected with the advance f5-f4. For
instance} 22. O-O f4 23. Qxd6 (23. Nxd6 fxg3 24. fxg3 Rxf1+ 25. Kxf1 Qf6+ $19)
23... Qc8 $1 $132 {[%cal Gc8h3]}) 19... g6 20. Nfe3 {With the pawn on g6 the
evaluation is clear - White is better. To make things worse, Black must spend
time removing the king from h8.} Kg7 ({As usual} 20... h5 {does not stop
White's attack:} 21. g4 (21. g3 Bxe3 (21... Bh6 $2 22. g4 $16) 22. Nxe3 Qd7 23.
O-O {is a more quiet way to achieve advantage.}) 21... hxg4 22. h5 Kg7 23. hxg6
fxg6 24. Nxg4 Rh8 25. Rg1 $16) (20... Bxe3 21. Nxe3 Bxc4 22. Rxc4 Ne7 23. h5
$14 {/+/-}) 21. g3 (21. h5 $16) 21... Bh6 {Radjabov shows a rather strange
attachment for the dark-squared bishop. Again Black should have taken on e3.} (
21... Bxe3 22. Nxe3 h5 23. O-O {although White has a stable advantage. The
inclusion of h4/h5 favours White, since the advance f7-f5 becomes a problem
for Black.}) 22. Ng4 (22. h5 f5 23. hxg6 hxg6 24. exf5 gxf5 {must have
appeared double-edged for Leko.}) 22... f5 (22... Bxg4 23. Qxg4 f5 24. exf5
Rxf5 25. h5 $16) 23. Nxh6 Kxh6 24. h5 $16 g5 {This ugly move is the result of
the previous play. Black is left with plenty of weaknesses and a potentially
very weak king.} (24... Kg7 25. hxg6 hxg6 {leaves White with a pleasant choice
between} 26. exf5 ({or} 26. Ne3 fxe4 27. Bxe6 Qf6 28. Bf5 gxf5 29. g4 {
(Golubev)} Ne7 30. gxf5 Nxf5 31. Rg1+ $40) 26... Bxf5 27. Bf1 $5 $16 {[%cal
Ga4h4] mentioned by GM Korotylev.}) 25. exf5 Bxf5 26. Ne3 Bc8 ({Also after} 
26... Be4 27. O-O Bf3 (27... Ne7 28. Ng4+ Kg7 29. h6+ $16) 28. Be2 Bxe2 29.
Qxe2 $16 {Black is strategically lost.} Rxb3 $140 $2 30. Qc4 Rb6 31. Nd5 $18)
27. Ra2 $1 {Now Black will also have to reckon with Ra2-d2.} Ne7 28. O-O Rf6
29. Qe2 Qb6 30. Rfa1 (30. Rd1 $16) 30... Qc6 31. Rxa5 Bb7 {Black's counterplay
does not work because White closes the long diagonal on d5. With so many
weaknesses any opening of the position would be fatal for Black.} 32. Bd5 (32.
Nd5 $2 Nxd5 33. Rxd5 Rbf8 $132) 32... Nxd5 33. Rxd5 $1 {[%cal Ge3g4] White
needs the knight on the kingside.} ({Better than} 33. Nxd5 Rbf8) 33... Qxc3 34.
Ng4+ (34. Ra7 $16 {contained a nice trap:} Bc8 {apparently a logical retreat,
covering weak light squares on the kingside, but there follows} 35. Qf3 $3 Rxf3
36. Rxd6+ Kxh5 37. Rxh7#) 34... Kg7 35. Ra7 Re6 (35... Qc1+ {doesn't help in
view of} 36. Kh2 $1 (36. Rd1 Qc6 37. Rxb7+ Rxb7 38. Nxf6 Kxf6 39. Rxd6+ Qxd6
40. Qf3+ Ke6 41. Qxb7 Qd1+ 42. Kg2 Qxh5 43. Qc6+ Ke7 {would have left Black
with good chances to survive}) 36... Rf7 (36... Qc6 37. Nxf6 Kxf6 38. Qf3+ Ke6
39. Rxb7 Qxb7 40. Qg4+ $1 $18) 37. Rxb7 Rfxb7 38. Rxd6 Qc3 (38... Qc5 39. Qd2
$18) 39. h6+ Kh8 40. Qd1 Rf8 41. Rd8 Qc5 42. Qf3 $1 Rxd8 43. Qf6+ Kg8 44. Qxd8+
Kf7 45. Qxg5 $18) 36. Qc4 $1 $18 Qe1+ ({The endgame after} 36... Qxc4 37. bxc4
{is hopeless for Black. For instance:} Kf7 38. f3 Ke8 39. Rb5 Re7 40. Nf6+ Kd8
41. Ne4 Kc7 42. Nxg5 $18) 37. Kg2 Re7 38. Rxb7 $1 Rexb7 39. Rxd6 {The
inevitable happened: finally Black pays the price for the kingside weaknesses.
White's attack is decisive.} Rf8 40. h6+ (40. Qd5 {wins at once} Rbb8 41. Rd7+
Kh8 42. Qd3 e4 43. Qd4+) 40... Kh8 41. Qd5 Rbb8 42. Qd3 Qb4 43. Rd7 e4 44. Qd5
Rb5 45. Nf6 1-0

[Event "Morelia/Linares 23rd"]
[Site "Morelia/Linares"]
[Date "2006.02.22"]
[Round "4"]
[White "Topalov, Veselin"]
[Black "Radjabov, Teimour"]
[Result "0-1"]
[WhiteElo "2801"]
[BlackElo "2700"]
[Annotator "Hazai,L"]
[PlyCount "74"]
[EventDate "2006.02.18"]
[EventType "tourn"]
[EventRounds "14"]
[EventCountry "ESP"]
[EventCategory "20"]
[SourceTitle "CBM 112"]
[Source "ChessBase"]
[SourceDate "2006.06.07"]
[SourceVersion "1"]
[SourceVersionDate "2006.06.07"]
[SourceQuality "1"]

{[%mdl 1]} 1. d4 Nf6 2. c4 g6 3. Nc3 Bg7 4. e4 d6 5. Bd3 O-O 6. Nge2 c5 7. d5
e6 8. h3 exd5 9. exd5 (9. cxd5 {leads to the Benoni.}) 9... Nfd7 {Black is
threatening with Ne5 and opens the /^ for the Q and the B. Besides he can
always play f7-f5.} 10. f4 {This is against the centralization of the N.} f5 (
10... Qh4+ {provoking some weaknesses on the >>.} 11. g3 Qe7 (11... Bxc3+ {
is met by the unexpected} 12. Kf2 $1 (12. bxc3 {corrupts the P structure and
the dark-squared B cannot find a good /^ for himself.} Qe7 13. Kf2 (13. Qc2 Re8
14. Bd2 Nf6 15. O-O-O Ne4 16. Be1 a6 17. g4 b5 $132 {Bravo-Giaccio, Mar del
Plata 1994}) 13... f5 {Ruining all the hopes for a quick f4-f5 activating the
bad B.} 14. Re1 Nf6 {In a closed position like that the N is better than the B.
} 15. Nd4 Ne4+ 16. Bxe4 fxe4 17. Ne6 Bxe6 18. Rxe4 Bg4 19. Qe1 Qd7 20. Re7 Bxh3
$1 {This is the point! The positional Q sacrifice is completely correct.} 21.
Rxd7 Nxd7 $44 {Rejfir-Haag, Oberhausen 1961}) 12... Bxb2 13. Bxb2 $1 $44 {
Instead of taking the Q White brings his B to the long /^, where he is very
strong. The damaging piece P c3 has gone!} (13. gxh4 Bxa1 {is less clear.}))
12. O-O (12. Qc2 Na6 13. a3 Nc7 14. Bd2 b5 $1 {This is the way for the
counterplay. The target is >< d5.} 15. cxb5 Nb6 16. O-O-O Bb7 17. Rhe1 Qd7 18.
g4 Ncxd5 {and White's [+] has been collapsed.} 19. Nxd5 Nxd5 $15 {
Lapienis-Zakharov, Novosibirsk 1962}) 12... Re8 13. Kh2 f5 {Black has to close
the position.} 14. Bd2 (14. Rf3 Qf6 $11) 14... Na6 15. a3 Nc7 (15... Nf6 $11)
16. Qc2 (16. b4 cxb4 17. axb4 {is met by the standard} b5 $1 18. cxb5 Nb6)
16... Nf6 $11 {Fercec-Krstic, Pula 2000 CBM 075}) (10... Re8 11. O-O {is the
safe continuation.} (11. g4 $6 {This is too ambitious.} Bxc3+ 12. bxc3 Qh4+ 13.
Kf1 b5 $1 {Black wants to blow up White's [+] from the <<. If >< d5 falls, the
white K will find himself in a delicate situation.} 14. Kg2 Nb6 15. Ng3 bxc4
16. Be4 Bb7 17. a4 N8d7 18. a5 Rxe4 $1 {Black wants to open the long /^
against the K.} 19. Nxe4 Nxd5 20. Qf3 Re8 21. Kh2 Rxe4 $1 {The second exchange
sacrifice on the same place! Eliminating the last defender Black's -> is
unstoppable.} 22. Qxe4 N5f6 $1 $19 {Dokuchaev-Karpeshov, St Petersburg 1994}))
11. O-O (11. g4 $6 {looks a bit light-hearted.} Qh4+ (11... Na6 $5) 12. Kd2 Nf6
(12... Na6 $5) 13. g5 Ne4+ $1 {This positional P sacrifice is the main idea of
Black.} (13... Ne8 $2 {is simply too passive:} 14. Qg1 $14 {Ftacnik-Voronova,
Lubniewice 1994}) 14. Nxe4 fxe4 15. Bxe4 b5 $1 {Black has to continue his ->
energetically.} 16. Qe1 (16. cxb5 $2 {founders on} Rxf4 $1 17. Nxf4 Qxf4+ 18.
Kd3 c4+ $17) 16... Qxe1+ 17. Rxe1 bxc4 $36) 11... Na6 {Black has a rock-solid
position, it is far from easy for White to advance.} 12. Be3 Nc7 (12... Nb4 $6
13. Bb1 Nb6 {puts the knights on the wrong places.} 14. b3 $14) (12... Re8 13.
Bf2 Nf6 14. a3 {/\ Rb1, b4}) (12... Nf6 13. Bf2 Bd7 (13... Nc7 $5 14. a3 a5 {
fighting against b4.}) (13... Re8 {- 12...Re8}) 14. a3 {/\ Rb1, b4} Nc7 15. Rb1
a5 $5 {fighting against b2-b4.} (15... Re8 {probably it was time for the
advance on the << by} 16. b4 $5 (16. Kh1 {doesn't look very important.} a5 $5 {
deserved attention again.} (16... Kh8 {is also not the most important plan.}
17. b4 b6 {Now White has got some space advantage on the <<.} 18. Qc2 Qe7 19.
Bh4 Qf7 20. bxc5 bxc5 21. Ng1 Re7 22. Nf3 h6 23. Rfe1 $14 {B.Kovacevic-Brkic,
Neum 2002})))) 13. Qd2 Re8 (13... b5 $5 {Radjabov} 14. Nxb5 (14. cxb5 Nb6 15.
b3 Bb7 {This Benko type of positional P sacrifice gives a good counterplay
against >< d5.} 16. Bc4 a6 17. bxa6 (17. a4 $6 axb5 18. axb5 {is strongly met
by} Ncxd5 $1 19. Nxd5 Nxc4 $1) 17... Nxc4 18. bxc4 Bxa6 19. Qd3 Rb8 20. Rab1
Na8 $5 21. Nb5 Nb6 $44) 14... Nxb5 15. cxb5 Bb7 $1 16. Nc3 Qa5 $44 {/\ a6 with
a strong pressure on the <<.}) 14. Bf2 Nf6 (14... b5 $5 {deserved attention
again.} 15. cxb5 Bb7 16. Bc4 Nb6 17. b3 a6 $44) 15. a3 a5 $1 (15... b5 $6 {
is already late:} 16. cxb5 Bb7 17. Bc4) (15... Ne4 16. Bxe4 fxe4 {This change
in the P structure helps for White.} 17. b4 $1 b6 18. Rfe1 Ba6 19. b5 Bc8 20.
a4 $14) 16. Bh4 Bd7 (16... Qe7 {/\ Qf7}) 17. Kh1 {/\ Ng1-f3} (17. Rae1 Qe7 18.
Ng3 Qf7 $11) (17. g4 $5 {looks interesting, bit Black has enough counterplay
after} Qe7 (17... fxg4 18. f5 $40) 18. gxf5 Qe3+ 19. Qxe3 Rxe3 20. Rad1 Rxh3
21. Bxf6 Bxf6 22. Kg2 Re3 23. fxg6 hxg6 24. Bxg6 Bg4 {Black's ^^ is very
active.} 25. Kf2 Rf3+ 26. Ke1 Rxf1+ 27. Kxf1 Rf8 $44) 17... Qe7 18. Rae1 Qf7
19. a4 {White closes completely the <<.} (19. Ng1 {/\ Nf3 looks more natural.}
Rxe1 20. Rxe1 Re8 21. Nf3 Rxe1+ 22. Qxe1 Qe8 23. Qxe8+ Nfxe8 {White's space
advantage is not enough for an advantage.} 24. Kg1 Bf6 25. Bxf6 Nxf6 $11) 19...
Na6 {/\ Nb4} 20. g4 {White pushes it too hard.} (20. Bb1 {was the quiet plan,
but there is no breakthrough.} Nb4 21. Ng1 h6 22. Nf3 Kh7 23. Kh2 Rxe1 24. Rxe1
Re8 $11) 20... Nb4 21. Bb1 fxg4 $1 {Black has to take up the gauntlet.} 22. f5
Bxf5 (22... gxf5 $2 {gives White good attacking chances after} 23. Ng3 $40) 23.
Bxf5 gxf5 24. Rxf5 (24. Ng3 Rxe1 25. Qxe1 f4 $1) 24... Qg6 (24... Ne4 25. Qf4
Qg6 26. Rg1 Nxc3 27. Nxc3 Re5 28. Rxe5 Nd3 29. Qxg4 Nxe5 $13) 25. Ref1 $2 {
White oversteps the border.} (25. Ng3 $1 Bh6 $1 26. Rxe8+ Rxe8 27. Qd1 $3 $13)
25... Rf8 $1 26. Ng3 (26. Qf4 Nd7 27. Qxg4 Qxg4 28. hxg4 Ne5 29. b3 Nxg4 30.
Ne4 $44) 26... Nh5 $3 {Tactically solving the problems.} 27. Nce4 (27. Rxf8+
Rxf8 28. Rxf8+ Bxf8 29. Nxh5 Qxh5 30. Qe1 $1 gxh3 31. Qe6+ Qf7 32. Ne4 (32.
Qxh3 $15) 32... Qxe6 33. dxe6 d5 34. Nf6+ Kg7 35. Nxd5 Bd6 $15 {with a bit
better _|_ for Black.}) 27... Nxg3+ 28. Nxg3 gxh3 29. b3 Rae8 30. Kh2 Rxf5 (
30... h6 $5 {was a very subtle prophylactical move.}) 31. Rxf5 (31. Nxf5 Be5+
32. Kxh3 Kh8 33. Qg5 $1) 31... Re5 (31... h6 $1 {was again a very wise
decision.} 32. Kxh3 Re4 33. Qd1 Re3 34. Rf3 Re5 $17) 32. Qg5 $1 Qxg5 33. Bxg5
$6 (33. Rxg5 $1 {was the best practical chance.} Rxg5 34. Bxg5 Be5 35. Kxh3
Bxg3 (35... Nd3 36. Ne4) 36. Kxg3 Kf7 37. Bd8 Nd3 38. Bxa5 Nc1 39. b4 Nb3 40.
Bc7) 33... Nc2 $1 34. Bd8 $2 {This loses outright.} (34. Bf4 Nd4 $1 35. Bxe5
Nxf5 36. Bxg7 (36. Nxf5 Bxe5+ 37. Kxh3 Kf7 38. Kg4 Kf6 39. Nh4 Bb2 40. Nf3 Bc1
$19) 36... Nxg7 (36... Nxg3 37. Bc3) 37. Kxh3 Kf7 38. Kg4 Kg6 39. Ne4) 34...
Nd4 $1 $19 35. Rf4 Re3 36. Rg4 Kf7 37. Re4 Rxb3 0-1

[Event "Morelia/Linares 23rd"]
[Site "Morelia/Linares"]
[Date "2006.02.23"]
[Round "5"]
[White "Radjabov, Teimour"]
[Black "Vallejo Pons, Francisco"]
[Result "1/2-1/2"]
[WhiteElo "2700"]
[BlackElo "2650"]
[Annotator "Lutz,C"]
[PlyCount "102"]
[EventDate "2006.02.18"]
[EventType "tourn"]
[EventRounds "14"]
[EventCountry "ESP"]
[EventCategory "20"]
[SourceTitle "CBM 112"]
[Source "ChessBase"]
[SourceDate "2006.06.07"]
[SourceVersion "1"]
[SourceVersionDate "2006.06.07"]
[SourceQuality "1"]

1. d4 d5 2. c4 c6 3. Nc3 Nf6 4. Nf3 e6 5. Bg5 h6 6. Bh4 dxc4 7. e4 g5 8. Bg3 b5
9. Be2 Bb7 10. O-O Nbd7 11. Ne5 h5 $5 $146 12. Nxd7 Qxd7 13. Be5 Rh6 14. f4 $5
{Das Problem dieses scheinbar aggressiven Zuges besteht darin, dass der Pe4
anfällig ist. In der nächsten Runde des gleichen Turnieres spielte Topalov
daher 14.f3.} (14. f3 {0-1 Topalov,V-Vallejo Pons,F/Morelia/Linares 2006/CBM
112/[Lutz] (56)}) 14... g4 15. Qc2 c5 {Schwarz leitet sofort Gegenspiel im
Zentrum ein.} 16. d5 b4 17. f5 exd5 18. Nxd5 Bxd5 19. exd5 Bd6 {Weiß gewinnt
seinen Bauern zurück, aber Schwarz erhält Gegenspiel am Königsflügel.} 20. Bxd6
Qxd6 21. Bxc4 h4 (21... Kf8) 22. Bb5+ Kf8 23. Bc6 Rd8 $6 (23... Rc8 $132) 24.
Rac1 h3 (24... Nxd5 $2 25. Bxd5 Qxd5 26. Rfd1 Qa8 27. Qxc5+ Kg7 28. Qxb4 $18)
25. gxh3 $6 (25. Qxc5 $5 g3 26. Rf4 {gibt Weiß einen Vorteil.} (26. hxg3 $2
Qxc5+ 27. Rxc5 h2+ 28. Kh1 Ne4 $19) 26... gxh2+ 27. Kxh2 Ng4+ 28. Kh1 Qxc5 29.
Rxc5 Ne3) (25. g3 Nxd5 26. Bxd5 Qxd5 27. Rcd1 Qa8 28. Qxc5+ Kg7 $13) 25... Rxh3
26. Qxc5 g3 27. Qxd6+ Rxd6 28. hxg3 Ng4 29. Kg2 (29. Rf3 $2 Rdh6 $19) (29. Rf4
Rxg3+ 30. Kf1 Rh6 31. d6 Rxd6 $15 {ist nur für Weiß gefährlich.}) 29... Ne3+
30. Kf3 (30. Kxh3 $4 Rh6#) 30... Nxf1 31. Rxf1 Rh2 32. b3 Rxa2 $13 33. Ke4 Ke7
34. Rh1 Rg2 35. Kf4 Rf2+ 36. Kg5 Rd8 37. Re1+ Kd6 38. Kf6 Rg8 39. Re3 Rg2 (
39... Rg4 $5) 40. Kxf7 R8xg3 41. Re6+ Kc5 42. f6 Rxb3 43. Ke7 Rd3 44. f7 Rf2
45. f8=Q Rxf8 46. Kxf8 Rxd5 $11 47. Bxd5 Kxd5 48. Ra6 Kc4 49. Rxa7 b3 50. Rb7
Kc3 51. Rxb3+ Kxb3 1/2-1/2

[Event "Morelia/Linares 23rd"]
[Site "Morelia/Linares"]
[Date "2006.02.25"]
[Round "6"]
[White "Radjabov, Teimour"]
[Black "Bacrot, Etienne"]
[Result "1-0"]
[WhiteElo "2700"]
[BlackElo "2717"]
[Annotator "Lutz,C"]
[PlyCount "109"]
[EventDate "2006.02.18"]
[EventType "tourn"]
[EventRounds "14"]
[EventCountry "ESP"]
[EventCategory "20"]
[SourceTitle "CBM 112"]
[Source "ChessBase"]
[SourceDate "2006.06.07"]
[SourceVersion "1"]
[SourceVersionDate "2006.06.07"]
[SourceQuality "1"]

1. d4 d5 2. c4 c6 3. Nc3 Nf6 4. e3 a6 5. Nf3 e6 6. b3 Bb4 7. Bd2 O-O 8. Bd3
Nbd7 9. O-O Bd6 10. Qc2 Re8 $5 (10... h6 11. Ne2 {1/2-1/2 Sokolov,I-Najer,E/
Poikovsky 2006/CBM 112/[Lutz] (49)} (11. Rad1 e5 $5)) 11. Rad1 $146 {Radjabov
wählt einen sehr direkten Aufbau.} (11. Rae1 $5 h6 12. h3 e5 13. cxd5 cxd5 14.
e4 dxe4 15. Nxe4 Nxe4 16. Rxe4 Nf6 $11 {0-1 Bareev,E-Kobalia,M/Kazan 2005/CBM
109/[Lutz] (62)}) (11. Rfe1 $5 h6 12. h3 e5 13. cxd5 cxd5 14. e4 dxe4 15. Nxe4
Nxe4 16. Bxe4 exd4 17. Nxd4 Nf6 18. Bf3 Be5 19. Bc3 Qb6 20. Rad1 Bd7 $11 {
1/2-1/2 Shabalov,A-Najer,E/Las Vegas 2004/CBM 100 ext (37)}) 11... h6 $6 {
Vielleicht sollte man hier nach Verbesserungen für Schwarz suchen.} ({Es ist
die Frage, ob (analog zu 9...h6 10.Rad1 e5) nun 11...e5 möglich ist. Zwar
steht der schwarze Turm aktiver, jedoch kann in einigen Varianten der Bauer
auf h7 hängen.} 11... e5 12. cxd5 cxd5 13. e4 (13. dxe5 Nxe5 $11) 13... exd4
14. Nxd5 Nxd5 15. exd5 Nf6 16. Rde1 $5 (16. Nxd4 Bg4 17. f3 Rc8 18. Qb1 Qb6 $13
) 16... Bd7 17. Rxe8+ Bxe8 18. Re1 Rc8 19. Qb1 h6 $5 {und die Stellung sollte
sich langsam ausgleichen.}) 12. e4 dxe4 (12... dxc4 {ist angesichts der
Gegenüberstellung von Rd1 und Qd8 riskant:} 13. Bxc4 b5 14. Be2 e5 15. dxe5
Nxe5 16. Bf4 (16. Nxe5 $5 Bxe5 17. Bxh6 Qc7 18. f4 Qa7+ 19. Kh1 Bd4 20. Qd3 $40
) 16... Qc7 17. Rxd6 Qxd6 18. Bxe5 Rxe5 19. Rd1 Qc7 20. Nxe5 Qxe5 21. Rd8+ $40)
13. Nxe4 Nxe4 14. Bxe4 c5 15. dxc5 Bxc5 16. b4 Bf8 17. c5 $16 {Weiß hat eine
klare Initiative erreicht. Seine Figuren stehen deutlich aktiver und er hat
seine Mehrheit am Damenflügel in Bewegung gesetzt.} Qc7 18. Bc3 a5 19. a3 axb4
20. axb4 f5 $5 {Schwarz sucht eine radikale Lösung seiner Stellungsprobleme,
findet jedoch keine Erleichterung. Der Pe6 wird schwach.} (20... Nf6 $2 21. Be5
Qe7 22. Bd6 $18) 21. Bd3 b6 22. Rfe1 Bb7 (22... bxc5 23. Bxf5 $16) 23. Bc4 Be4
24. Qb3 Kh8 25. Bxe6 Nf6 26. Nh4 $18 {Weiß hat einen Mehrbauern und Angriff am
Königsflügel.} bxc5 27. Bxf6 c4 28. Qxc4 (28. Bxc4 gxf6 29. Ng6+ Kg7 30. Nxf8
Kxf8 31. f3 $18 {ist ebenfalls sehr gut für Weiß}) 28... Qxc4 29. Bxc4 gxf6 30.
f3 Bxb4 (30... Bc6 31. Ng6+ Kg7 32. Nxf8 Kxf8 33. b5 $18) 31. Rd7 Rg8 (31...
Bxe1 $2 32. Ng6#) 32. Rf1 Rg7 (32... Bc2 33. Bxg8 Kxg8 34. Rc1 $18) 33. Rxg7
Kxg7 34. fxe4 Bc5+ 35. Kh1 fxe4 36. Nf5+ Kg6 37. Ng3 e3 38. Bd3+ Kf7 39. Ne2
Ke7 40. g3 Ra2 41. Kg2 Rd2 42. Bc4 Bb6 43. Kf3 Kd6 44. Ke4 Ke7 45. Rb1 Rd6 46.
Kf3 Rc6 47. Bd5 Rd6 48. Be4 Ke6 49. Rb5 Kd7 50. Nf4 Bd4 51. Rd5 Ba7 52. Rxd6+
Kxd6 53. Ng2 Ke5 54. Nxe3 h5 55. h4 1-0